000 00920nam a2200121Ia 4500
008 220615s9999||||xx |||||||||||||| ||und||
245 0 _aQuantum Information and Symmetry
546 _aEnglish[eng]
650 _as–wave symmetry Eliashberg formalism||BaGe3 superconductor||thermodynamic properties||nonlinearly coupled oscillators||PT symmetry||cross-Kerr nonlinearity||stability analysis||quantum properties||nonlinear oscillator||quantum entanglement||open system||??-symmetry||entanglement||negativity||quantum control||Mathieu functions||time-dependent driving fields||superconductivity||four-fermion attraction||Meissner effect||fermion quartets||attractor||complex Ginzburg–Landau equation||soliton||quantum machine learning||associative memory
700 _aLeonski, Wiesław||Kalaga, Joanna K.||Szczęśniak, Radosław
856 _uhttps://mdpi.com/books/pdfview/book/2349
942 _cEB
999 _c14839
_d14839